Devinez la Capitale Mystère #81 - Statistiques

Statistiques générales
  • Ce quiz a été pris 154 fois
  • Le résultat moyen est 29 sur 33
Statistiques - réponses
Type de Réponse Réponse % Correct
Lettre de l'Alphabet A
100%
Lettre de l'Alphabet R
100%
Lettre Trouvée S
100%
Lettre de l'Alphabet E
99%
Lettre de l'Alphabet I
99%
Lettre de l'Alphabet N
99%
Lettre Trouvée O
99%
Lettre de l'Alphabet B
98%
Lettre de l'Alphabet L
98%
Lettre Trouvée C
96%
Lettre de l'Alphabet P
96%
Lettre de l'Alphabet T
94%
Lettre de l'Alphabet D
93%
Lettre Bien Placée O
92%
Lettre Trouvée U
92%
Lettre de l'Alphabet G
91%
Lettre de l'Alphabet K
91%
Lettre Trouvée M
91%
Lettre de l'Alphabet H
86%
Lettre Bien Placée O
84%
Lettre Bien Placée M
82%
Lettre de l'Alphabet Y
82%
Lettre de l'Alphabet V
81%
Lettre de l'Alphabet W
79%
Lettre de l'Alphabet Z
78%
Lettre Bien Placée S
77%
Lettre de l'Alphabet J
76%
Lettre de l'Alphabet X
75%
Lettre Bien Placée C
74%
Lettre de l'Alphabet F
73%
Lettre Bien Placée U
73%
Lettre de l'Alphabet Q
72%
Capitale Mystère Moscou
71%
Aucun quiz correspondant
Distribution des résultats
% des personnes avec chaque résultat
Percentile par nombre de réponses
Votre historique - résultats
Vous n’avez pas pris ce quiz